00000000nam##2200000za#4500
0019.576554
003CaOODSP
00520210624185207
007cr |||||||||||
008150406|1984||||xxc|||||o    f|0| 0 eng|d
040 |aCaOODSP|beng
043 |an-cn---
0861 |aFs97-13/474E-PDF
1101 |aCanada. |bDepartment of Fisheries and Oceans.
24510|aCatalogue of salmon streams and spawning escapements of Sub-Districts 110 and 120 (Yukon-Arctic) / |h[electronic resource]|cby M.J. Hancock and D.E. Marshall.
260 |aVancouver - British Columbia : |bFisheries and Oceans Canada |c1984.
300 |a253p.|bfigs., references
4901 |aCanadian data report of fisheries and aquatic sciences|vNo. 474
500 |aOn t.p.: Enhancement Services Branch, Vancouver, B.C. Catalogue number of the print edition appears in the PDF version.
546 |a(Résumé en français)
590 |a13-15-Supp|b2013-06-24
7201 |aMarshall, D. E.
7201 |aHancock, M. J.
830#0|aCanadian data report of fisheries and aquatic sciences ;|vNo. 474|w(CaOODSP)9.505124
85640|ahttp://publications.gc.ca|qPDF|s19,506 KB|uhttps://publications.gc.ca/collections/collection_2013/mpo-dfo/Fs97-13-474-eng.pdf|yNo. 474